000 00693nam a2200217 i 4500
001 bg
100 1 _aOGONOWSKI, Jan
245 1 0 _aĆwiczenia projektowe z przetwórstwa tworzyw sztucznych /
_cJan Ogonowski ; Politechnika Krakowska im. Tadeusza Kościuszki.
260 _aKraków :
_bPK,
_c1993
_e(Krak. :
_fPK).
300 _a113 s. :
_brys., wykr. ;
_c24 cm.
504 _aBibliogr. s. 113.
521 _aSkrypt dla studentów wyższych szkół technicznych.
650 9 _aPolimery
_xprzetwórstwo
655 _aPodręczniki akademickie
015 _aPB 7130/94
040 _cBPK
041 0 _apl
080 _a678.7(075.8)
942 _cKS
008 s pl f |000 0 pol
999 _c6324
_d6324
856 _uhttp://koha.tu.koszalin.pl/cgi-bin/koha/opac-detail.pl?biblionumber=6324
_yKatalog online BPK